Statistics for West Indies' International Cricket Grounds

Click here to take the quiz!

General Stats

  • This quiz has been taken 81 times
  • The average score is 16 of 34

Answer Stats

Answer% Correct
Antigua and Barbuda
85%
Barbados
83%
Jamaica
81%
Kingston
79%
Guyana
77%
Trinidad and Tobago
77%
Bridgetown
75%
Georgetown
69%
Saint Kitts and Nevis
69%
Saint Lucia
69%
Port-of-Spain
65%
Saint Vincent and
the Grenadines
60%
Grenada
58%
Saint John's
56%
Dominica
54%
Sabina Park
54%
Basseterre
40%
Kensington Oval
40%
Kingstown
40%
Roseau
40%
Saint George's
35%
Sir Vivian Richards Stadium
35%
Bourda
29%
North Sound
29%
Providence
27%
Queen's Park Oval
27%
Darren Sammy Stadium
Beausejour
25%
Gros Islet
21%
Warner Park
19%
Arnos Vale
17%
The Rec
Antigua Recreation Ground
15%
Windsor Park
13%
Providence Stadium
8%
National Cricket Stadium
4%

Score Distribution

Percentile by Number Answered

Percent of People with Each Score

Your Score History

You have not taken this quiz